00783nam a2200217Ia 4500003000900000008004100009020001800050040001600068080002000084100002900104245010000133260004700233300001500280490002900295650004100324650002400365650002400389942000700413999001700420952012800437IN-BaIIA211028s9999 xx 000 0 eng d a0-226-52330-6 cIIA Library a524.35-854bMIC aMichel, F. Curtis917964 0aTheory of neutron star magnetospherescF. Curtis Michel  aChicagobUniversity of Chicago Pressc1991 axvi, 517p. aTheoretical astrophysics aAstronomy and astrophysics thesaurus aMagnetosphere93270 aNeutron stars97729 cBK c10554d10554 00104070aBANbBANcGENd1993-02-02g2924.00l0o524.35-854/ MICp11465r2021-11-05v2924.00w1993-02-02yBKGRs. 2924.00